| 000 | 00721nam a2200253Ia 4500 | ||
|---|---|---|---|
| 003 | OSt | ||
| 005 | 20220918175141.0 | ||
| 006 | a|||||r|||| 00| 0 | ||
| 007 | ta | ||
| 008 | 220917b |||||||| |||| 00| 0 eng d | ||
| 024 | _a15,932 | ||
| 037 | _cTextual | ||
| 040 |
_aARTS _cARTS _beng |
||
| 041 |
_2eng _aeng |
||
| 082 | _aO:g(V:17), N6 | ||
| 100 |
_aChambers Iain ed _953100 |
||
| 245 | 0 |
_aPost-colonial question _b Common skies, divided horizons |
|
| 260 |
_aLondon _bRoutledge Pub _c1996 |
||
| 300 |
_axii,269p. _ccm. |
||
| 650 | _aENGLISH LITERATURE | ||
| 700 |
_a Curti Lidia ed _953101 |
||
| 942 |
_hO:g(V:17), N6 _cTEXL _2CC |
||
| 999 |
_c156322 _d156322 |
||